<?xml version="1.0" encoding="UTF-8"?>
<record
    xmlns:xsi="http://www.w3.org/2001/XMLSchema-instance"
    xsi:schemaLocation="http://www.loc.gov/MARC21/slim http://www.loc.gov/standards/marcxml/schema/MARC21slim.xsd"
    xmlns="http://www.loc.gov/MARC21/slim">

  <leader>00472nam a22001697a 4500</leader>
  <datafield tag="952" ind1=" " ind2=" ">
    <subfield code="0">0</subfield>
    <subfield code="1">0</subfield>
    <subfield code="2">ddc</subfield>
    <subfield code="4">0</subfield>
    <subfield code="7">0</subfield>
    <subfield code="8">ISLAM</subfield>
    <subfield code="a">MES</subfield>
    <subfield code="b">MES</subfield>
    <subfield code="c">ISL</subfield>
    <subfield code="d">2021-04-28</subfield>
    <subfield code="g">15.00</subfield>
    <subfield code="l">2</subfield>
    <subfield code="o">297 MOU/M</subfield>
    <subfield code="p">41114</subfield>
    <subfield code="r">2025-12-23 14:55:56</subfield>
    <subfield code="s">2025-12-15</subfield>
    <subfield code="w">2021-04-28</subfield>
    <subfield code="y">BK</subfield>
    <subfield code="z">GL49R1</subfield>
  </datafield>
  <datafield tag="999" ind1=" " ind2=" ">
    <subfield code="c">41321</subfield>
    <subfield code="d">41321</subfield>
  </datafield>
  <controlfield tag="003">OSt</controlfield>
  <controlfield tag="005">20210428112329.0</controlfield>
  <controlfield tag="008">210428b           ||||| |||| 00| 0 eng d</controlfield>
  <datafield tag="022" ind1=" " ind2=" ">
    <subfield code="2">9788182716513</subfield>
  </datafield>
  <datafield tag="040" ind1=" " ind2=" ">
    <subfield code="c">oclc</subfield>
  </datafield>
  <datafield tag="082" ind1=" " ind2=" ">
    <subfield code="a">297</subfield>
    <subfield code="b">MOU/M</subfield>
  </datafield>
  <datafield tag="100" ind1=" " ind2=" ">
    <subfield code="9">2077</subfield>
    <subfield code="a">Moududi, Abul A'ala</subfield>
  </datafield>
  <datafield tag="245" ind1=" " ind2=" ">
    <subfield code="a">Marananthara Jeevitham/</subfield>
    <subfield code="c">Abul A'la Moudoodi</subfield>
  </datafield>
  <datafield tag="260" ind1=" " ind2=" ">
    <subfield code="a">Kozhikode:</subfield>
    <subfield code="b">IPH,</subfield>
    <subfield code="c">2018</subfield>
  </datafield>
  <datafield tag="300" ind1=" " ind2=" ">
    <subfield code="a">16 pages</subfield>
  </datafield>
  <datafield tag="942" ind1=" " ind2=" ">
    <subfield code="2">ddc</subfield>
    <subfield code="c">BK</subfield>
    <subfield code="h">297</subfield>
    <subfield code="i">MOU/M</subfield>
    <subfield code="k">297</subfield>
    <subfield code="m">MOU/M</subfield>
  </datafield>
</record>
